Θεωρία του Πληθωρισμού και της Ανεργίας / Ανάλυση, Εφαρμογές και Πολιτική (Record no. 1877)
[ view plain ]
| 000 -LEADER | |
|---|---|
| fixed length control field | 01450cam a22001814a 4500 |
| 005 - ΗΜΕΡΟΜΗΝΙΑ ΚΑΙ ΩΡΑ ΤΕΛΕΥΤΑΙΑΣ ΕΝΗΜΕΡΩΣΗΣ | |
| Πεδίο ελέγχου | 20250605164022.0 |
| 008 - FIXED-LENGTH DATA ELEMENTS--GENERAL INFORMATION | |
| Πεδίο ελέγχου σταθερού μήκους | 250528s ||||||||||||||||||||||||d |
| 035 ## - SYSTEM CONTROL NUMBER | |
| System control number | 16368 |
| 040 ## - ΠΗΓΗ ΚΑΤΑΛΟΓΟΓΡΑΦΗΣΗΣ | |
| Φορέας πρωτότυπης καταλογογράφησης | MC Athens Campus Library |
| Γλώσσα καταλογογράφησης | Ελληνικά, Μοντέρνα (1453-) |
| Modifying agency | MC Athens Campus Library |
| Κανόνες περιγραφικής καταλογογράφησης | AACR2 |
| 245 1# - ΤΙΤΛΟΣ ΚΑΙ ΔΗΛΩΣΗ ΥΠΕΥΘΥΝΟΤΗΤΑΣ | |
| Τίτλος | Θεωρία του Πληθωρισμού και της Ανεργίας / Ανάλυση, Εφαρμογές και Πολιτική |
| 260 ## - PUBLICATION, DISTRIBUTION, ETC. | |
| Date of publication, distribution, etc. | 1994 |
| 300 ## - PHYSICAL DESCRIPTION | |
| Extent | 250 |
| 520 ## - SUMMARY, ETC. | |
| Summary, etc. | Μορφές Μακροοικονομικής Θεωρίας, Η Θεωρία της Συνολικής Ζητήσεως, Η Συνολική Ζήτηση και η Συνάρτηση Προσαρμογής των Τιμών, Η Συνολική Προσφορά: Μισθοί και Τιμές και Ανεργία, Θεσμικοί Παράγοντες Προσδιορισμού των Μισθών και της Ανεργίας, Η Θεωρία των Προσαρμοστικών Προσδοκιών, Η Θεωρία των Ορθολογιστικών Προσδοκιών, Μακροοικονομική Ανάλυση και Ορθολογικές Προσδοκίες: Εμπειρική Διερεύνηση, Εξέλιξη του Πληθωρισμού και του Προϊόντος Μακροχρονίως: Η Έννοια της Σταθερής Ισορροπίας, Βιβλιογραφία. |
| 700 1# - ΠΡΟΣΘΕΤΗ ΑΝΑΓΡΑΦΗ--ΦΥΣΙΚΟ ΠΡΟΣΩΠΟ | |
| Personal name | Οικονόμου Γεώργιος Ε |
| 9 (RLIN) | 2463 |
| 942 ## - ADDED ENTRY ELEMENTS (KOHA) | |
| Koha item type | Books |
| Τύπος τεκμηρίου | Βιβλιοθήκη | Τρέχουσα τοποθεσία | Barcode | Αριθμός εισαγωγής | Ημερομηνία απόκτησης | Ταξιθετικό σύμβολο | Αριθμός αντιτύπου | Κατάσταση απόσυρσης | Κατάσταση χαμένου | Κατάσταση κατεστραμμένου | Μη δανεισμός | Σύνολο δανεισμών | Ημερομηνία τελευταίας εμφάνισης | Η τιμή ισχύει από |
|---|---|---|---|---|---|---|---|---|---|---|---|---|---|---|
| Books | MC Athens Campus Library | MC Athens Campus Library | 9780000018762 | 4066 | 05/06/2025 | 339 OIK | 2 | 05/06/2025 | 05/06/2025 |